〈マリオ&ルイージRPG〉アタック集 - Statistics

General Stats
  • This quiz has been taken 4 times
  • The average score is 38 of 85
Answer Stats
Hint Answer % Correct
ソロ M ファイアハンド
100%
ソロ L サンダーハンド
100%
ソロ B ファイア
100%
2 みどりこうら
100%
2 あかこうら
100%
3 ML ファイアフラワー
100%
4 L ファイアフラワー
100%
MIX L ファイアフラワー
100%
ソロ MLPml ジャンプ
75%
ソロ MLPml ハンマー
75%
ソロ P コピー
75%
2 アイスフラワー
75%
2 MLml コピーフラワー
75%
3 ML ミドリこうら
75%
3 ML ワンダーメテオ
75%
3 ML スイーツバスケット
75%
3 B ボコスカクリボー
75%
3 B ボコスカノコノコ
75%
3 B ボコスカヘイホー
75%
3 B ボコスカボムへい
75%
3 B ボコスカブロドッグ
75%
ブラザーシップ M アカこうら
75%
ブラザーシップ L ミドリこうら
75%
ソロ B パンチ
50%
2 ポケットワンワン
50%
3 ML はね〜るメット
50%
3 ML くるりんボール
50%
3 ML ぶんしんタルたいほう
50%
3 ML スピンどかん
50%
3 ML あちこちウィンドウ
50%
3 ML こいこいスター
50%
3 B ボコスカカメック
50%
4 M バイバイ大砲
50%
4 M スピードボム
50%
4 M ドリームエッグ
50%
4 L フラコプター
50%
4 D ミラクルボール
50%
4 D ミラクルジャンプ
50%
4 D ミラクルハンマー
50%
4 D ミラクルファイア
50%
4 D ミラクルウォール
50%
MIX M スピードボム
50%
MIX L フラコプター
50%
ブラザーシップ M スピードボム
50%
ブラザーシップ L はね~るメット
50%
ブラザーシップ L ぶんしんタルたいほう
50%
ソロ B バキューム
25%
1 M スプラッシュブロス
25%
1 M スイングブロス
25%
1 M チョッパーブロス
25%
1 M ファイアブロス
25%
1 L バウンドブロス
25%
1 L ノックバックブロス
25%
1 L サンダーブロス
25%
2 MLml ミックスフラワー
25%
4 M ジェットボード
25%
4 L スナイプパチンコ
25%
4 L スターロケット
25%
4 D ミラクルタイフーン
25%
4 巨大化 リズムキノコ
25%
4 巨大化 ドリルスタンプ
25%
MIX L とんがりシェル
25%
MIX L どっさりバルーン
25%
MIX L きょだいキノコ
25%
MIX P トリオスカッシュ
25%
MIX P トリオカイト
25%
MIX P トリオダイブ
25%
MIX P トリオシュリケン
25%
MIX P トリオメテオ
25%
ブラザーシップ M どっちかエッグ
25%
ブラザーシップ M オムスビむすび
25%
ブラザーシップ L サンダーダイナモ
25%
ブラザーシップ L ミックストルネード
25%
4 M アカこうら3D
25%
4 L ミドリこうら3D
25%
MIX M アカこうら3D
25%
1 L タイフーンブロス
0%
2 ブラザーフラワー
0%
2 スマッシュエッグ
0%
2 MLml チビほうだい
0%
2 MLml スーパージャンプだい
0%
MIX M ふっとびロケット
0%
MIX M ブンなげテッキュウ
0%
MIX M キノピオスライダー
0%
ブラザーシップ M フラッシュクロック
0%
No matching quizzes found
Score Distribution
Percent of People with Each Score
Percentile by Number Answered
Your Score History
You have not taken this quiz